| 000 | 00903nam a22002535a 4500 | ||
|---|---|---|---|
| 005 | 20201128021301.0 | ||
| 008 | 150610t2013 ii a frb 001 0 eng d | ||
| 020 | _a9788131731864 | ||
| 040 |
_aEG-ScBUE _beng _dEG-ScBUE _dEG-ScBUE |
||
| 082 | 0 | 4 |
_222 _bRAP _a621.382 |
| 100 | 1 |
_aRappaport, Theodore S., _938543 _d1960- |
|
| 245 | 1 | 0 |
_aWireless communications : _bprinciples and practice / _cTheodore S. Rappaport. |
| 250 | _a2nd ed. | ||
| 260 |
_aNew Delhi : _bDorling kindersley/ Pearson Education, _c2013. |
||
| 300 |
_axxiii, 709 p. : _bill. ; _c24 cm. |
||
| 500 | _aIndex : p. 695-709. | ||
| 504 | _aBibliography : p. 677-693. | ||
| 650 | 7 |
_2BUEsh _912950 _aWireless communication systems. |
|
| 650 | 7 |
_912951 _aMobile communication systems. _2BUEsh |
|
| 650 | 7 |
_91259 _aTelecommunication systems. _2BUEsh |
|
| 651 | _2BUEsh | ||
| 653 |
_bENGELC _cJune2015 _cOctober2015 _cFebruary2017 |
||
| 942 | _2ddc | ||
| 999 |
_c19545 _d19517 |
||